| 000 | 00813nam a22002417a 4500 | ||
|---|---|---|---|
| 001 | 48819 | ||
| 003 | BD-RjUL | ||
| 005 | 20211209054606.0 | ||
| 008 | 160816s1963 bg ||||| |||| 00| 0 ben d | ||
| 020 | _c: Tk.2.00.00 | ||
| 035 | _a(BD-RjUL)48938 | ||
| 040 |
_aBD-RjUL _bben _cBD-RjUL _dBD-RjUL |
||
| 041 | _aben | ||
| 082 |
_223 _a891.442 _bBAJ 1963 |
||
| 100 |
_aবাগচী, অন্নদামোহন _9138003 |
||
| 245 | 1 | 0 |
_aঝড় (নাটক) / _cঅন্নদামোহন বাগচী |
| 250 | _a২ য় সং. | ||
| 260 |
_aবগুড়া : _bসাহিত্য কুটির, _c১৯৬৩ |
||
| 300 |
_a১০৬ পৃ. ; _c১১ সেমি. |
||
| 650 |
_aসাহিত্য _vনাটক _9147102 |
||
| 650 |
_aLiterature _vDrama _9147103 |
||
| 942 |
_2ddc _cBK |
||
| 999 |
_c48819 _d48819 |
||